Comprensión del lenguaje

Uloženo v:
Podrobná bibliografie
Hlavní autoři: Yuste Hernanz, Carlos (Autor), Sánchez Quirós, Juan Miguel (Autor)
Médium: Kniha
Jazyk:španělština
Vydáno: Madrid CEPE 1993
Edice:Progresint, 16
Témata:
Tagy: Přidat tag
Žádné tagy, Buďte první, kdo vytvoří štítek k tomuto záznamu!

MARC

LEADER 00000nam a2200000 a 4500
001 UCU6938
003 CL-VaPUC
008 960628e19930000SP |||||||||||||||||spa|d
082 0 4 |a 372.6  |b YUS  |2 21 
100 0 |a Yuste Hernanz, Carlos  |e author  |9 365325 
700 0 |a Sánchez Quirós, Juan Miguel  |e author  |9 365326 
245 1 0 |a Comprensión del lenguaje 
300 |a 95 p 
942 |c BK 
945 |d 19960628 00:00:00  |a rbrito 
260 |a Madrid  |b CEPE  |c 1993 
500 |a Ciclo medio: nivel 3 
650 0 |a Educación básica   |9 224933 
650 0 |a Desarrollo del lenguaje   |9 311270 
650 0 |a Enseñanza de la escritura  |9 307377 
650 0 |a Niños  |9 255605 
583 |a last modification  |c 20141230 02:23:14  |k Rodrigo Vera 
490 0 |a Progresint, 16 
999 |c 249669  |d 249667 
952 |0 0  |1 0  |4 0  |6 372_600000000000000_YUS_1993  |7 0  |8 A  |9 267087  |a BIBEDU  |b BIBEDU  |d 2019-11-19  |i 3208559  |o 372.6 YUS 1993  |p 3208559  |r 2019-11-19  |w 2019-11-19  |y BK  |k EPE 
952 |0 0  |1 0  |4 0  |6 372_600000000000000_YUS_1993  |7 0  |8 A  |9 267088  |a BIBEDU  |b BIBEDU  |d 2019-11-19  |i 3332519  |l 1  |m 3  |o 372.6 YUS 1993  |p 3332519  |r 2021-12-21  |s 2021-11-22  |w 2019-11-19  |y BK  |k EDU